000
00336nam a22001457a 4500
008
250423b ||||| |||| 00| 0 eng d
020
_a
9780972732314
041
_a
eng
080
_2
2005
_a
101RUG
082
_2
101RUG
_a
101RUG
100
_a
42
101
_a
FILOZOFI
245
_a
THE LEADERS COMPASS
_c
ED RUGGERO
942
_2
udc
_c
BK
999
_c
60704
_d
60704